[Event "OLNO 1920 SC Rotation Pankow - SC Zitad"]
[Site "?"]
[Date "2019.12.08"]
[Round "4.3"]
[White "Perestjuk, Marko"]
[Black "Neumeier, Lars"]
[Result "1/2-1/2"]
[WhiteElo "2117"]
[BlackElo "2306"]
[PlyCount "72"]
[EventDate "2019.??.??"]

1. e4 c5 2. Nf3 Nc6 3. d4 cxd4 4. Nxd4 Nf6 5. Nc3 e5 6. Ndb5 d6 7. Bg5 a6 8.
Na3 b5 9. Nd5 Be7 10. Bxf6 Bxf6 11. c3 Bg5 12. Nc2 O-O 13. a4 Rb8 14. axb5 axb5
15. Be2 Kh8 16. O-O g6 17. Ncb4 Nxb4 18. Nxb4 Bb7 19. Qd3 f5 20. exf5 Rxf5 21.
Bg4 e4 22. Qd4+ Bf6 23. Qa7 Rg5 24. Bh3 Rh5 25. Na6 Bxa6 26. Rxa6 Be5 27. Re1
d5 28. Rc6 Rxh3 29. gxh3 Qg5+ 30. Kf1 Qf5 31. Qe3 Rf8 32. Rd1 Bf4 33. Qd4+ Be5
34. Qe3 Bf4 35. Qd4+ Be5 36. Qe3 Bf4 1/2-1/2

[Event "OLNO 1920 SC Rotation Pankow - SC Zitad"]
[Site "?"]
[Date "2019.12.08"]
[Round "4.4"]
[White "Seils, Joerg"]
[Black "Kropman, Alexei"]
[Result "1-0"]
[WhiteElo "2320"]
[BlackElo "2118"]
[PlyCount "131"]
[EventDate "2019.??.??"]

1. e4 e6 2. d4 d5 3. exd5 exd5 4. Nf3 Bd6 5. Bd3 Ne7 6. O-O O-O 7. Bg5 f6 8.
Bh4 Nf5 9. c3 Nxh4 10. Nxh4 f5 11. g3 g6 12. Nd2 Nc6 13. f4 b6 14. Ndf3 Be7 15.
Ng2 Bb7 16. Qe2 Qd6 17. Rae1 Bf6 18. Ne5 Ne7 19. g4 c5 20. gxf5 gxf5 21. Ne3
cxd4 22. Nxf5 Nxf5 23. Bxf5 Bg7 24. Qg4 Rxf5 25. Qxf5 Rf8 26. Qd3 dxc3 27. bxc3
Rc8 28. Re3 Qc5 29. Rf2 d4 30. Rh3 h6 31. c4 Rf8 32. Rg3 Qd6 33. Rg6 Rf6 34.
Rxf6 Qxf6 35. Qxd4 Qf5 36. Rd2 Qb1+ 37. Rd1 Qxa2 38. Qd2 Qa4 39. Qd7 Qc2 40.
Qg4 Qe4 41. Kf2 Qc2+ 42. Qe2 Qf5 43. Rd8+ Kh7 44. Qd3 Be4 45. Qe3 Bxe5 46. Re8
Qxf4+ 47. Qxf4 Bxf4 48. Rxe4 Bxh2 49. Re7+ Kg6 50. Rxa7 Bd6 51. Rd7 Bc5+ 52.
Kf3 Kf5 53. Rd5+ Kg6 54. Kf4 Kf6 55. Kg4 Kg6 56. Rd3 h5+ 57. Kf4 Kf6 58. Rd5
Kg6 59. Rg5+ Kh6 60. Kf5 h4 61. Rg8 Bf2 62. Rg2 Be3 63. Re2 Bd4 64. Kg4 Kg6 65.
Kxh4 Kf5 66. Kg3 1-0

[Event "OLNO 1920 SC Rotation Pankow - SC Zitad"]
[Site "?"]
[Date "2019.12.08"]
[Round "4.5"]
[White "Schwedek, Tony"]
[Black "Bruchmann, Stephan"]
[Result "0-1"]
[WhiteElo "1980"]
[BlackElo "2214"]
[PlyCount "140"]
[EventDate "2019.??.??"]

1. c4 c6 2. g3 d5 3. Nf3 Nf6 4. Bg2 g6 5. b3 Bg7 6. Bb2 O-O 7. O-O Bf5 8. d3 a5
9. Nbd2 Na6 10. a3 Rc8 11. Rc1 Qb6 12. Bd4 Qd8 13. Bb2 Re8 14. h3 Qd6 15. c5
Qc7 16. Be5 Qd8 17. Nh4 Nd7 18. Bxg7 Kxg7 19. Nxf5+ gxf5 20. d4 e6 21. Rb1 b5
22. e3 Nf6 23. Kh2 Nb8 24. f4 Rg8 25. Bf3 Kf8 26. Rg1 Nbd7 27. Qe2 Ne4 28. Bxe4
fxe4 29. Rg2 Qf6 30. g4 Ke7 31. a4 Rb8 32. axb5 Rxb5 33. g5 Qf5 34. Nf1 Rgb8
35. Qa2 Qg6 36. Ng3 Qg8 37. Ne2 Qd8 38. Nc3 Rb4 39. Rg4 Qc7 40. Ne2 a4 41. Nc1
Qb7 42. Qf2 Ke8 43. f5 Qc7+ 44. Kg2 exf5 45. Qxf5 Nf8 46. h4 axb3 47. Rb2 Rc4
48. Nxb3 Rc3 49. h5 Rcxb3 50. Rf2 Rb2 51. Rgf4 Rxf2+ 52. Rxf2 Rb3 53. Ra2 Rb8
54. Qf6 Rc8 55. Qf5 Qd7 56. Qe5+ Qe6 57. Qf4 Qe7 58. Qf5 Ne6 59. Qxh7 Qxg5+ 60.
Kf2 Qf6+ 61. Ke1 Rb8 62. Qg8+ Nf8 63. Qg3 Nd7 64. Ke2 Ke7 65. Qg4 Rb1 66. Qh3
Qg5 67. h6 Qg1 68. Qh4+ f6 69. h7 Qf1+ 70. Kd2 Qd3# 0-1

[Event "OLNO 1920 SC Rotation Pankow - SC Zitad"]
[Site "?"]
[Date "2019.12.08"]
[Round "4.6"]
[White "Guth, Thomas"]
[Black "Schulz, Michael"]
[Result "1-0"]
[WhiteElo "2256"]
[BlackElo "2133"]
[PlyCount "81"]
[EventDate "2019.??.??"]

1. e4 g6 2. Nc3 Bg7 3. d4 c5 4. Nf3 cxd4 5. Nxd4 Nc6 6. Be3 Nf6 7. Be2 O-O 8.
Nb3 a5 9. a4 Nb4 10. Bf3 d6 11. O-O Be6 12. Nd4 Bc4 13. Be2 Rc8 14. Ndb5 Nd7
15. Bxc4 Rxc4 16. Qe2 Qc8 17. Rad1 f5 18. Bg5 Rf7 19. Bxe7 Rxe7 20. Nxd6 Rxc3
21. Nxc8 Rxc8 22. c3 Nc6 23. Qb5 Nde5 24. exf5 gxf5 25. f4 Ng6 26. Qxf5 Rf8 27.
Qd5+ Kh8 28. g3 Re2 29. Qb5 Re7 30. Rfe1 Rfe8 31. Rxe7 Rxe7 32. Rf1 Bf6 33. Qf5
Kg7 34. Rd1 Nf8 35. Qc8 h5 36. Rd5 h4 37. g4 Rf7 38. g5 Be7 39. Rf5 Nd8 40.
Rxf7+ Kxf7 41. Qf5+ 1-0

[Event "OLNO 1920 SC Rotation Pankow - SC Zitad"]
[Site "?"]
[Date "2019.12.08"]
[Round "4.7"]
[White "Boettcher, Patrick"]
[Black "Jeske, Eckhard"]
[Result "1/2-1/2"]
[WhiteElo "2112"]
[BlackElo "2161"]
[PlyCount "137"]
[EventDate "2019.??.??"]

1. d4 d5 2. c4 c6 3. Nc3 Nf6 4. cxd5 cxd5 5. Bf4 e6 6. e3 Nc6 7. Bd3 a6 8. Rc1
Be7 9. h3 O-O 10. Nf3 b5 11. O-O Bb7 12. Ne5 Rc8 13. Qe2 Nxe5 14. Bxe5 g6 15.
Rc2 Nd7 16. Bh2 Qb6 17. Rfc1 Rfd8 18. Nb1 Rxc2 19. Rxc2 Rc8 20. Rxc8+ Bxc8 21.
Qc2 Bb7 22. Nd2 Qc6 23. Nb3 Qxc2 24. Bxc2 f6 25. Na5 Ba8 26. Bc7 Bb4 27. Kf1
Kf7 28. Ke2 Ke7 29. h4 Bd6 30. Bxd6+ Kxd6 31. h5 f5 32. hxg6 hxg6 33. Nb3 Bc6
34. Bd3 Bb7 35. f4 Bc8 36. Kf2 Nf6 37. Kg3 Ng4 38. Kf3 Nh2+ 39. Ke2 Ng4 40. Nd2
Bd7 41. Nf3 Be8 42. Kd2 Bd7 43. Be2 Be8 44. Bd1 a5 45. Be2 b4 46. Ne1 Nf6 47.
Nd3 Ne4+ 48. Ke1 Ke7 49. Bf3 Nd6 50. Kf2 Bb5 51. Nc5 Bc4 52. b3 Bb5 53. Ke1 Kf6
54. Kd2 Ke7 55. g4 Bc6 56. g5 Nb5 57. Kc2 Na3+ 58. Kb2 Nb5 59. Nd3 Be8 60. Ne5
Kd6 61. Be2 Nc3 62. Bf3 Nb5 63. Nd3 Bd7 64. Nf2 Bc6 65. Be2 Nc3 66. Bd3 Nb5 67.
Kc2 Nc7 68. Be2 Ke7 69. Kb2 1/2-1/2

[Event "OLNO 1920 SC Rotation Pankow - SC Zitad"]
[Site "?"]
[Date "2019.12.08"]
[Round "4.8"]
[White "Burchardt, Brigitte"]
[Black "Olivares, Eduardo"]
[Result "1/2-1/2"]
[WhiteElo "2080"]
[BlackElo "2061"]
[PlyCount "137"]
[EventDate "2019.??.??"]

1. e4 c5 2. Nc3 g6 3. g3 Bg7 4. Bg2 Nc6 5. d3 Nf6 6. Be3 d6 7. h3 O-O 8. Qd2
Nd4 9. Nge2 e5 10. f4 b5 11. O-O b4 12. Nd1 Rb8 13. c3 Nxe2+ 14. Qxe2 Nh5 15.
Qf2 exf4 16. gxf4 f5 17. Qd2 Re8 18. Re1 a5 19. Rc1 Qf6 20. Nf2 Bb7 21. a3 Ba8
22. axb4 axb4 23. cxb4 cxb4 24. Ba7 Rbd8 25. Qxb4 Nxf4 26. Bf3 Qh4 27. Re3 d5
28. Bd1 Qg5+ 29. Bg4 fxg4 30. hxg4 dxe4 31. dxe4 Kh8 32. Rce1 Qe7 33. Bc5 Qb7
34. Qxb7 Bxb7 35. b4 Ne6 36. e5 Ng5 37. R1e2 Rxe5 38. Rxe5 Nf3+ 39. Kf1 Bxe5
40. Bb6 Rd7 41. Ra2 Bd5 42. Ra4 Bc3 43. Bc5 Rb7 44. Ke2 Ne5 45. Ra8+ Kg7 46.
Rd8 Bf3+ 47. Ke3 Bxg4 48. Ne4 Bxb4 49. Bd4 Be7 50. Bxe5+ Kf7 51. Rd4 Rb3+ 52.
Kf4 h5 53. Ng5+ Ke8 54. Ra4 Rb4+ 55. Rxb4 Bxb4 56. Ne4 Ke7 57. Bf6+ Ke6 58. Bd8
Bf5 59. Ng5+ Kd5 60. Nf3 Ke6 61. Bc7 Bc3 62. Bb6 Bc2 63. Nd4+ Bxd4 64. Bxd4 Kd5
65. Bf6 Kc4 66. Kg3 Kd3 67. Kh4 Ke3 68. Bg5+ Kf3 69. Bd8 1/2-1/2

[Event "OLNO 1920 SC Zitadelle-Spandau - SSC Gr"]
[Site "?"]
[Date "2020.01.19"]
[Round "5.1"]
[White "Luethke, Hans-Eckart"]
[Black "Perestjuk, Marko"]
[Result "1/2-1/2"]
[WhiteElo "2107"]
[BlackElo "2122"]
[PlyCount "142"]
[EventDate "2020.??.??"]

1. e4 c5 2. Nf3 d6 3. d4 cxd4 4. Qxd4 Nc6 5. Bb5 Bd7 6. Bxc6 Bxc6 7. Nc3 Nf6 8.
Bg5 e6 9. O-O-O Be7 10. Rhe1 O-O 11. Kb1 Qc7 12. Qd3 Rfd8 13. Nd4 a6 14. h4 h6
15. Bc1 b5 16. Nxc6 Qxc6 17. f3 Nd7 18. Nd5 Bf8 19. Ne3 Ne5 20. Qe2 Be7 21. f4
Nd7 22. Nd5 Bf8 23. Nb4 Qc7 24. Nd3 Rac8 25. h5 Nc5 26. g4 d5 27. exd5 Rxd5 28.
g5 Nxd3 29. Rxd3 Rxd3 30. Qxd3 Qc4 31. Qxc4 Rxc4 32. b3 Rd4 33. g6 Bb4 34.
gxf7+ Kxf7 35. Rg1 Bc3 36. a3 a5 37. Be3 Rd5 38. Rh1 Kf6 39. Bc1 b4 40. Bb2
Bxb2 41. Kxb2 Rd2 42. axb4 axb4 43. Ra1 Rf2 44. Ra4 Rxf4 45. c4 bxc3+ 46. Kxc3
Rf5 47. Rh4 Ke5 48. Kc4 Kd6 49. Rd4+ Kc6 50. Re4 e5 51. Rg4 Rg5 52. Rh4 Rg1 53.
b4 Rc1+ 54. Kd3 Kd5 55. Rg4 Rc7 56. b5 Rb7 57. Rb4 Kc5 58. Rg4 Kd5 59. Rb4 Rb6
60. Ke3 g6 61. hxg6 Rxg6 62. b6 Rg3+ 63. Kf2 Rg8 64. b7 Rb8 65. Ke3 h5 66. Rb5+
Kd6 67. Ke4 h4 68. Rb6+ Kc7 69. Rh6 Rxb7 70. Rxh4 Rb4+ 71. Kf5 Kd7 {(=)}
1/2-1/2

[Event "OLNO 1920 SC Zitadelle-Spandau - SSC Gr"]
[Site "?"]
[Date "2020.01.19"]
[Round "5.3"]
[White "Van Bentum, Horst"]
[Black "Schwedek, Tony"]
[Result "1/2-1/2"]
[WhiteElo "2054"]
[BlackElo "1976"]
[PlyCount "27"]
[EventDate "2020.??.??"]

1. e4 e5 2. Nf3 Nc6 3. Bc4 Nf6 4. d3 Be7 5. c3 O-O 6. O-O d6 7. a4 h6 8. Re1
Bg4 9. Nbd2 Qd7 10. Nf1 Be6 11. Bxe6 Qxe6 12. Ng3 Rfe8 13. d4 Qd7 14. d5 {(=)}
1/2-1/2

[Event "OLNO 1920 SC Zitadelle-Spandau - SSC Gr"]
[Site "?"]
[Date "2020.01.19"]
[Round "5.4"]
[White "Schulz, Michael"]
[Black "Moritz, Hartmut"]
[Result "1/2-1/2"]
[WhiteElo "2142"]
[BlackElo "2091"]
[PlyCount "95"]
[EventDate "2020.??.??"]

1. d4 Nf6 2. Bg5 b5 3. e3 Bb7 4. Nd2 b4 5. Ngf3 h6 6. Bh4 e6 7. a4 a5 8. c4 c5
9. Qc2 Na6 10. b3 Be7 11. Rd1 O-O 12. Be2 Nh7 13. Bxe7 Qxe7 14. O-O Ng5 15.
Nxg5 Qxg5 16. Bf3 Bxf3 17. Nxf3 Qe7 18. d5 d6 19. dxe6 Qxe6 20. Rd3 Rad8 21.
Rfd1 f5 22. Qd2 Rf6 23. g3 Nc7 24. Nh4 g5 25. Ng2 Kf7 26. Qe2 Kg6 27. h4 Qe4
28. f3 Qe7 29. hxg5 hxg5 30. e4 fxe4 31. fxe4 Re8 32. Re3 Qe6 33. Re1 Rf7 34.
Rf3 Rxf3 35. Qxf3 Rh8 36. Ne3 Rh7 37. Rf1 Rf7 38. Nf5 Ne8 39. Qd3 Qe5 40. Kg2
Rf6 41. Rh1 Re6 42. Rh6+ Kf7 43. Qf3 Nf6 44. g4 Qb2+ 45. Kh3 Qc3 46. Kg2 Qd2+
47. Kh3 Qf4 48. Kg2 1/2-1/2

[Event "OLNO 1920 SC Zitadelle-Spandau - SSC Gr"]
[Site "?"]
[Date "2020.01.19"]
[Round "5.5"]
[White "Simcaks, Sergejs"]
[Black "Boettcher, Patrick"]
[Result "1/2-1/2"]
[WhiteElo "1838"]
[BlackElo "2113"]
[PlyCount "136"]
[EventDate "2020.??.??"]

1. e4 c5 2. Nf3 d6 3. d4 cxd4 4. Nxd4 Nf6 5. Nc3 a6 6. Bc4 e6 7. O-O Nbd7 8.
Bxe6 fxe6 9. Nxe6 Qb6 10. Nd5 Nxd5 11. exd5 Kf7 12. a4 Nf6 13. Be3 Qa5 14. Bd2
Qxd5 15. Nc7 Bg4 16. Qxg4 Nxg4 17. Nxd5 Rc8 18. Bc3 Rc5 19. Rad1 h5 20. Rfe1 h4
21. h3 Ne5 22. Ne3 Be7 23. f4 Ng6 24. Nd5 Bd8 25. Re4 Rh5 26. Ne3 Rc6 27. Bb4
Bc7 28. Kf2 Bb6 29. c4 Ne7 30. Kf3 Bxe3 31. Kxe3 Nf5+ 32. Kf3 Ng3 33. Red4 Nf5
34. Rd5 Rxc4 35. Bxd6 Rxa4 36. Be5 Rb4 37. Bc3 Rb3 38. Re5 Kg6 39. Kg4 Nh6+ 40.
Kf3 Rxe5 41. fxe5 Kf5 42. Re1 Ke6 43. Kf4 Nf7 44. Kg4 g5 45. Rf1 Nxe5+ 46. Kxg5
Nd3 47. Rb1 b5 48. Kxh4 b4 49. Bd4 a5 50. Ra1 Nf4 51. g3 Ne2 52. Re1 Kd5 53.
Rxe2 Kxd4 54. g4 a4 55. g5 a3 56. bxa3 Rxa3 57. Re8 b3 58. Rb8 Kc3 59. Kh5 b2
60. Rxb2 Kxb2 61. h4 Kc3 62. g6 Kd4 63. g7 Rg3 64. Kh6 Ke5 65. Kh7 Kf6 66. g8=Q
Rxg8 67. Kxg8 Kg6 68. h5+ Kxh5 1/2-1/2

[Event "OLNO 1920 SC Zitadelle-Spandau - SSC Gr"]
[Site "?"]
[Date "2020.01.19"]
[Round "5.6"]
[White "Riedel, Hartmut"]
[Black "Jeske, Holger"]
[Result "1-0"]
[WhiteElo "1934"]
[BlackElo "1880"]
[PlyCount "79"]
[EventDate "2020.??.??"]

1. d4 d5 2. c4 Nf6 3. cxd5 Nxd5 4. e4 Nb6 5. Nc3 g6 6. Be3 Bg7 7. Qd2 e5 8. Nf3
exd4 9. Bxd4 O-O 10. O-O-O c6 11. Qe3 Bxd4 12. Nxd4 Qe7 13. h4 Bg4 14. f3 Be6
15. h5 g5 16. e5 Nd5 17. Nxd5 cxd5 18. h6 Kh8 19. g4 Nc6 20. Kb1 Nxd4 21. Qxd4
b6 22. Ba6 Rad8 23. Rhe1 Qc5 24. Qd2 Rg8 25. Rc1 Qe7 26. Qd4 Rg6 27. Rh1 Qf8
28. Qd2 Qe7 29. Bd3 Rgg8 30. Qc2 Rc8 31. Qa4 Rc7 32. Rxc7 Qxc7 33. Re1 Bd7 34.
Qc2 Qxc2+ 35. Kxc2 Rc8+ 36. Kd2 Kg8 37. Ke3 f6 38. Kd4 Kf7 39. Re2 Be6 40. Rc2
{(Zeit)} 1-0

[Event "OLNO 1920 SC Zitadelle-Spandau - SSC Gr"]
[Site "?"]
[Date "2020.01.19"]
[Round "5.7"]
[White "Perlick, Eberhard"]
[Black "Fuchs, Dominik"]
[Result "0-1"]
[WhiteElo "1958"]
[BlackElo "1967"]
[PlyCount "72"]
[EventDate "2020.??.??"]

1. d4 d5 2. Nc3 Nf6 3. Bg5 c5 4. e3 Nc6 5. Nf3 Bg4 6. Be2 e6 7. O-O Bxf3 8.
Bxf3 cxd4 9. exd4 Qb6 10. Bxf6 gxf6 11. Ne2 Qxb2 12. Rb1 Qxa2 13. Rxb7 Bg7 14.
Nf4 O-O 15. Nh5 Qc4 16. c3 Qxc3 17. Bxd5 Nxd4 18. Qg4 Ne2+ 19. Qxe2 exd5 20.
Nxg7 Kxg7 21. Rfb1 Rfe8 22. Qg4+ Kh8 23. h3 Re1+ 24. Rxe1 Qxe1+ 25. Kh2 Qe6 26.
Qa4 a5 27. Rb5 Qe5+ 28. g3 Qe4 29. Qa1 d4 30. Rxa5 Rxa5 31. Qxa5 d3 32. Qd2 Qe2
33. Qh6 Qxf2+ 34. Kh1 Kg8 35. Qh5 Qf1+ 36. Kh2 Qe2+ 0-1

[Event "OLNO 1920 SK König Tegel II - SC Rotat"]
[Site "?"]
[Date "2020.01.19"]
[Round "5.1"]
[White "Rietze, Clemens"]
[Black "Giemsa, Stephan"]
[Result "1-0"]
[WhiteElo "2264"]
[BlackElo "2308"]
[PlyCount "77"]
[EventDate "2020.??.??"]

1. d4 Nf6 2. c4 e6 3. Nf3 d5 4. Nc3 dxc4 5. e3 a6 6. a4 c5 7. Bxc4 Nc6 8. O-O
Be7 9. Qe2 cxd4 10. Rd1 e5 11. exd4 exd4 12. Nxd4 Nxd4 13. Qe5 Qd6 14. Qxd6
Bxd6 15. Rxd4 Bc5 16. Rh4 O-O 17. Bg5 Be6 18. Re1 Rae8 19. Kf1 Bxc4+ 20. Rxc4
Rxe1+ 21. Kxe1 Re8+ 22. Kf1 Nd7 23. Bf4 a5 24. Nd5 h6 25. Be3 Bxe3 26. Nxe3 Nb6
27. Rd4 Kf8 28. Ke2 Re5 29. Kd3 Ke7 30. f4 Rc5 31. b4 axb4 32. Rxb4 Nd7 33.
Rxb7 Ra5 34. Nc4 Rd5+ 35. Ke4 Ke6 36. f5+ Rxf5 37. Rxd7 Rc5 38. Rd6+ Ke7 39.
Rd4 1-0

[Event "OLNO 1920 SK König Tegel II - SC Rotat"]
[Site "?"]
[Date "2020.01.19"]
[Round "5.2"]
[White "Anibar, Ahmed"]
[Black "Dauth, Benjamin"]
[Result "1/2-1/2"]
[WhiteElo "2277"]
[BlackElo "2275"]
[PlyCount "56"]
[EventDate "2020.??.??"]

1. e4 e5 2. Nf3 Nc6 3. Bb5 a6 4. Bxc6 dxc6 5. O-O Bg4 6. d3 Qf6 7. h3 Bxf3 8.
Qxf3 Qxf3 9. gxf3 Bd6 10. Be3 Ne7 11. Nd2 g5 12. Rfb1 f6 13. b4 Ng6 14. Kf1 Kd7
15. a4 Rhg8 16. Ke2 Nf4+ 17. Bxf4 gxf4 18. c3 Rg6 19. Nc4 Rh6 20. Rg1 Bf8 21.
Rg8 Ke7 22. Na5 Kf7 23. Rag1 Ra7 24. d4 exd4 25. cxd4 Rxh3 26. R8g4 Bh6 27. Rg8
Bf8 28. R8g4 Bh6 1/2-1/2

[Event "OLNO 1920 SK König Tegel II - SC Rotat"]
[Site "?"]
[Date "2020.01.19"]
[Round "5.4"]
[White "Dimitrijeski, Kristian"]
[Black "Seils, Joerg"]
[Result "0-1"]
[WhiteElo "2137"]
[BlackElo "2322"]
[PlyCount "64"]
[EventDate "2020.??.??"]

1. d4 Nf6 2. c4 e6 3. Nc3 d5 4. cxd5 exd5 5. Bg5 Be7 6. e3 c6 7. Bd3 Nbd7 8.
Qc2 O-O 9. Nf3 Re8 10. O-O Nf8 11. h3 Be6 12. Na4 N6d7 13. Bxe7 Qxe7 14. b4 Qf6
15. Qe2 a6 16. Nc5 Nxc5 17. bxc5 Rad8 18. Ne5 Qh6 19. Qf3 f6 20. Ng4 Qg5 21.
Rab1 Bc8 22. Rfe1 Re7 23. Nh2 h5 24. Nf1 h4 25. Nd2 Rde8 26. Nb3 f5 27. Kf1 Rf7
28. Rb2 Ne6 29. Kg1 Qh6 30. Reb1 f4 31. exf4 Nxf4 32. Qd1 Qg5 0-1

[Event "OLNO 1920 SK König Tegel II - SC Rotat"]
[Site "?"]
[Date "2020.01.19"]
[Round "5.5"]
[White "Bruchmann, Stephan"]
[Black "Niehaus, Frank"]
[Result "1-0"]
[WhiteElo "2218"]
[BlackElo "2097"]
[PlyCount "213"]
[EventDate "2020.??.??"]

1. e4 e5 2. Nf3 Nc6 3. d4 exd4 4. Nxd4 Nf6 5. Nxc6 bxc6 6. Qd4 Qe7 7. Nc3 Qb4
8. Be3 Qxd4 9. Bxd4 Be7 10. f3 O-O 11. O-O-O d6 12. Bc4 Be6 13. Bb3 Bxb3 14.
axb3 Nd7 15. Rhe1 Bg5+ 16. Kb1 Rfe8 17. Rf1 Bf6 18. Bxf6 Nxf6 19. Rd4 Nd7 20.
Rc4 Ne5 21. Ra4 Nd7 22. Ra6 Nb8 23. Ra5 Nd7 24. Rd1 a6 25. Rd4 Nb6 26. Kc1 f6
27. f4 c5 28. Rd1 Nd7 29. Kd2 Nb8 30. Rda1 Ra7 31. R1a4 Rb7 32. Nd5 c6 33. Nc3
Rb4 34. Kd3 Kf7 35. Rxb4 cxb4 36. Na2 c5 37. c3 bxc3 38. bxc3 Re7 39. b4 c4+
40. Ke3 Rb7 41. Nc1 Rb6 42. Ne2 Nc6 43. Ra2 Ne7 44. Kd4 f5 45. Ng3 fxe4 46.
Nxe4 h6 47. Nd2 Nf5+ 48. Kxc4 Ne3+ 49. Kd4 Nf5+ 50. Kd3 Ne7 51. Nc4 Rc6 52. Ne3
Rb6 53. g4 Ke6 54. f5+ Kf7 55. Kd4 Nc6+ 56. Ke4 Ne5 57. h3 Rc6 58. Kd4 Nf3+ 59.
Kd3 Ne5+ 60. Kc2 Ke8 61. Kb3 Kd7 62. Rd2 Nf7 63. Rf2 Ng5 64. Nc4 Kc7 65. f6
gxf6 66. Rxf6 d5 67. Rxc6+ Kxc6 68. Ne3 Nxh3 69. Nf5 Ng5 70. Nxh6 Kd6 71. Nf5+
Ke5 72. Nd4 Kf4 73. Nc6 Ne6 74. Ka4 Kxg4 75. Ka5 Nc7 76. Ne7 Kf4 77. Kb6 Nb5
78. Nxd5+ Ke4 79. Kxa6 Nd6 80. Nb6 Kd3 81. c4 Kc3 82. c5 Ne8 83. Ka5 Nc7 84.
Nc8 Kc4 85. Nd6+ Kd5 86. Kb6 Ne6 87. Nb7 Nd4 88. Nd8 Kc4 89. c6 Nb5 90. Ka5 Nc7
91. Nf7 Kd4 92. Ng5 Kc4 93. Nf3 Kd5 94. Kb6 Kd6 95. Kb7 Ne6 96. b5 Kc5 97. b6
Nd8+ 98. Kc7 Nxc6 99. b7 Nb4 100. Ne5 Na6+ 101. Kc8 Kb6 102. Nd7+ Ka7 103. Nf8
Kb6 104. Ne6 Ka7 105. Nc7 Nb8 106. Nb5+ Kb6 107. Kxb8 1-0

[Event "OLNO 1920 SK König Tegel II - SC Rotat"]
[Site "?"]
[Date "2020.01.19"]
[Round "5.6"]
[White "Kachibadze, Georg"]
[Black "Guth, Thomas"]
[Result "1/2-1/2"]
[WhiteElo "2273"]
[BlackElo "2263"]
[PlyCount "98"]
[EventDate "2020.??.??"]

1. e4 e6 2. d4 d5 3. Nc3 Bb4 4. exd5 exd5 5. Bd3 Nf6 6. Nge2 O-O 7. O-O h6 8.
h3 Re8 9. Ng3 c5 10. dxc5 Bxc3 11. bxc3 Be6 12. Rb1 Qc7 13. Qf3 Nbd7 14. Bf4
Qc8 15. Nf5 Bxf5 16. Bxf5 Qc6 17. c4 Nxc5 18. cxd5 Nxd5 19. Bc1 Rad8 20. Ba3
Ne6 21. Rfd1 Ng5 22. Qg4 Nf6 23. Qb4 Rxd1+ 24. Rxd1 b6 25. Bb2 Nge4 26. Qd4 Qc5
27. Qxc5 Nxc5 28. Kf1 Nfe4 29. g3 Kf8 30. Kg2 Nf6 31. Kf3 Ke7 32. g4 g6 33. Bd3
Nxd3 34. cxd3 Nd5 35. Re1+ Kd7 36. Rxe8 Kxe8 37. Ke4 Nb4 38. a3 Nc6 39. h4 Kd7
40. d4 Kd6 41. h5 Ne7 42. Bc1 g5 43. f4 f6 44. a4 Ke6 45. f5+ Kd6 46. Ba3+ Kd7
47. d5 Nc8 48. Bf8 Ke8 49. Bb4 Kd7 1/2-1/2

[Event "OLNO 1920 SK König Tegel II - SC Rotat"]
[Site "?"]
[Date "2020.01.19"]
[Round "5.7"]
[White "Mueller, Michael"]
[Black "Rath, Alina"]
[Result "1-0"]
[WhiteElo "2234"]
[BlackElo "2064"]
[PlyCount "61"]
[EventDate "2020.??.??"]

1. d4 d5 2. c4 e6 3. Nc3 c5 4. cxd5 exd5 5. Nf3 Nc6 6. g3 Nf6 7. Bg2 Be7 8. O-O
O-O 9. Bg5 c4 10. b3 Qa5 11. Bd2 Bb4 12. Qc2 b5 13. a3 Bxc3 14. Bxc3 Qc7 15.
bxc4 bxc4 16. Nd2 Bg4 17. Rfe1 Rad8 18. e4 Bh5 19. e5 Bg6 20. Qa4 Ne8 21. Nxc4
Nxd4 22. Bxd4 dxc4 23. Qxa7 Rd7 24. Qc5 Qd8 25. Bc3 Nc7 26. Bb4 Ne6 27. Qxc4
Re8 28. Bd6 Qb6 29. a4 Ra7 30. Qb5 Qd8 31. a5 1-0

[Event "OLNO 1920 SK König Tegel II - SC Rotat"]
[Site "?"]
[Date "2020.01.19"]
[Round "5.8"]
[White "Bubolz, Konstantin"]
[Black "Jeske, Eckhard"]
[Result "0-1"]
[WhiteElo "2131"]
[BlackElo "2160"]
[PlyCount "100"]
[EventDate "2020.??.??"]

1. d4 Nf6 2. c4 c6 3. Nc3 d5 4. Nf3 g6 5. g3 Bg7 6. Bg2 O-O 7. O-O dxc4 8. Ne5
Be6 9. e4 Nfd7 10. f4 Nxe5 11. fxe5 Qd7 12. Bf4 Bh3 13. Qd2 Bxg2 14. Kxg2 Na6
15. Ne2 Nc7 16. Bh6 Rad8 17. Bxg7 Kxg7 18. Rad1 f6 19. exf6+ exf6 20. Qc3 Qe6
21. Qf3 f5 22. exf5 Qxf5 23. Qxf5 Rxf5 24. Nf4 Kf7 25. Rd2 Nd5 26. Rc1 Nxf4+
27. gxf4 Rxf4 28. Rxc4 Rf5 29. Rf2 Rxf2+ 30. Kxf2 Re8 31. Kf3 Ke6 32. Rc5 Kd6
33. Rg5 Rf8+ 34. Ke2 Rf5 35. Rg4 Ra5 36. a3 Rb5 37. b4 a5 38. Rh4 axb4 39. axb4
h5 40. Rf4 Rxb4 41. h4 Rb2+ 42. Kf3 Rb3+ 43. Ke4 Rg3 44. Rf6+ Ke7 45. Rf2 Ke6
46. Rb2 Rg4+ 47. Ke3 b5 48. Rc2 Kd6 49. Rf2 Kd5 50. Rf8 Re4+ 0-1

[Event "OLNO 1920 SC Weisse Dame - SC Kreuzberg"]
[Site "?"]
[Date "2020.01.19"]
[Round "5.1"]
[White "Birnboim, Nathan"]
[Black "Moeller, Hendrik"]
[Result "1/2-1/2"]
[WhiteElo "2370"]
[BlackElo "2265"]
[PlyCount "150"]
[EventDate "2020.??.??"]

1. e4 c6 2. d3 d5 3. Nd2 e5 4. Ngf3 Bd6 5. d4 exd4 6. Bd3 Ne7 7. O-O Bg4 8. Re1
Na6 9. exd5 cxd5 10. h3 Bd7 11. Nxd4 Nc5 12. N2f3 Nxd3 13. Qxd3 O-O 14. Bd2 Qb6
15. Ng5 g6 16. Ngf3 Rfe8 17. Bc3 Nc6 18. Qd2 Nxd4 19. Bxd4 Bc5 20. Bxc5 Qxc5
21. c3 Bc6 22. Nd4 Qd6 23. Rad1 Re4 24. Nc2 Qf6 25. Re3 Ba4 26. b3 Bc6 27. Rd3
Rae8 28. Ne3 Qh4 29. Rd4 Qf6 30. a4 Rc8 31. Qd3 Qe6 32. Rd2 b6 33. Qa6 Rc7 34.
Qd3 Rc8 35. b4 Bxa4 36. Nxd5 Re1+ 37. Kh2 Bc6 38. Qg3 Bxd5 39. Rxd5 Qf6 40.
R2d3 Qe6 41. Qf4 Kg7 42. Rd7 Rc4 43. Qf3 Rxc3 44. Rxf7+ Qxf7 45. Qxf7+ Kxf7 46.
Rxc3 a5 47. bxa5 bxa5 48. Rc5 a4 49. Ra5 Re4 50. Ra7+ Kf6 51. f3 Re7 52. Rxa4
h5 53. h4 Re2 54. Ra5 Rb2 55. Kh3 Rb3 56. Ra6+ Kf5 57. Rd6 Ra3 58. Kg3 Ra4 59.
Rd8 Kf6 60. Rf8+ Kg7 61. Rf4 Ra2 62. Kh3 Rb2 63. g4 hxg4+ 64. Rxg4 Kf6 65. Ra4
Rb5 66. Kg4 Rh5 67. Ra6+ Kg7 68. f4 Rb5 69. Re6 Ra5 70. Re5 Ra1 71. h5 gxh5+
72. Rxh5 Ra6 73. Rh4 Ra5 74. Rh3 Kf7 75. Rb3 Ra6 1/2-1/2

[Event "OLNO 1920 SC Weisse Dame - SC Kreuzberg"]
[Site "?"]
[Date "2020.01.19"]
[Round "5.2"]
[White "Waldmann, Hans-Joachim"]
[Black "Muse, Drazen"]
[Result "1/2-1/2"]
[WhiteElo "2289"]
[BlackElo "2344"]
[PlyCount "24"]
[EventDate "2020.??.??"]

1. c4 Nc6 2. Nc3 g6 3. g3 Bg7 4. Bg2 e6 5. h4 Nge7 6. d3 h6 7. Bf4 a6 8. e4 Nd4
9. Qd2 d6 10. Nf3 c5 11. O-O Nec6 12. Rfe1 f6 1/2-1/2

[Event "OLNO 1920 SC Weisse Dame - SC Kreuzberg"]
[Site "?"]
[Date "2020.01.19"]
[Round "5.3"]
[White "Maetzkow, Maximilian Paul"]
[Black "Uhl, Heinz"]
[Result "1/2-1/2"]
[WhiteElo "2228"]
[BlackElo "2144"]
[PlyCount "120"]
[EventDate "2020.??.??"]

1. e4 c5 2. Nf3 d6 3. Bb5+ Nc6 4. O-O Bd7 5. Re1 Nf6 6. c3 a6 7. Bf1 Bg4 8. d4
cxd4 9. cxd4 Bxf3 10. gxf3 d5 11. e5 Nh5 12. Nc3 e6 13. Be3 Bb4 14. Qd2 Qh4 15.
a3 Be7 16. Ne2 O-O 17. Ng3 f6 18. f4 fxe5 19. fxe5 Nf4 20. Rac1 Bg5 21. Rc3 Ne7
22. Rc7 Nf5 23. Bxf4 Bxf4 24. Qd3 Nxd4 25. Qxd4 Bxg3 26. Qxh4 Bxh4 27. Re2 Rf7
28. Rxf7 Kxf7 29. Rc2 Bd8 30. Bd3 h6 31. Kg2 Ke7 32. f4 Kd7 33. f5 Bg5 34. Kg3
Rf8 35. Kg4 Be3 36. fxe6+ Kxe6 37. Rc7 Rf4+ 38. Kg3 Kxe5 39. Rxb7 Bf2+ 40. Kg2
Bd4 41. Bxa6 Rf2+ 42. Kg3 Rxb2 43. Rxb2 Bxb2 44. a4 Ke4 45. Kf2 Be5 46. h3 g5
47. Ke2 Bc7 48. Bd3+ Kf4 49. Bb5 Kg3 50. Bd7 Bb6 51. Kd3 h5 52. a5 Ba7 53. a6
Kf4 54. Ke2 g4 55. hxg4 hxg4 56. Be6 d4 57. Kf2 d3+ 58. Kg2 Bb8 59. Bb3 Ke3 60.
Bd1 g3 1/2-1/2